01300nab a22002297a 4500003000400000005001700004008004100021040000700062100002100069245009300090260007300183300001500256500007300271505039000344505008900734650002900823650002600852650001100878650002900889650001800918773013400936OSt20260130214539.0190603e xxum|||| |||| 00| 0 spa d cPJ aPadilla, Rodrigo10aResponsabilidad por intervención de cosas y actividades riesgosas /cRodrigo Padilla.  cCiudad Autónoma de Buenos Aires :aThomson Reuters La Ley, b2025. ap. 189-200 aCita: TR LALEY AR/DOC/2272/2025 Publicado en: RCCyC 2025 (Octubre). aSumario: I. Cuestiones generales previas: la imputabilidad objetiva.— II. El originario art. 1113 del Código de Vélez. La reforma producida por ley 17.711.— III. El nuevo Cód. Civ. y Com. Arts. 1757 y 1758.— IV. La responsabilidad por riesgo y vicio de las cosas.— V. La responsabilidad por actividades riesgosas.— VI. Los sujetos responsables. Las causales eximentes.  t¿Te interesa el texto completo? Solicitalo al correo: koha@justierradelfuego.gov.ar 0aCODIGO CIVIL Y COMERCIAL 0aRESPONSABILIDAD CIVIL 0aDAÑO 0aRESPONSABILIDAD OBJETIVA 0aCOSA RIESGOSA0 02713dCiudad Autónoma de Buenos Aires : Thomson Reuters La Ley, 2015-tRevista Código Civil y Comercial. Nº 5 - Octubre 2025